[Event "Capablanca Memorial op-B 48th"]
[Site "Havana"]
[Date "2013.04.28"]
[Round "7"]
[White "Rodriguez Caballero, Mayrelis"]
[Black "Torres Larco, Denisse"]
[Result "1-0"]
[WhiteElo "2053"]
[BlackElo "1662"]
[PlyCount "79"]
[EventDate "2013.04.21"]
[EventType "swiss"]
[EventRounds "9"]
[EventCountry "CUB"]
[SourceTitle "CBM 154 Extra"]
[Source "ChessBase"]
[SourceDate "2013.06.25"]
[SourceVersion "2"]
[SourceVersionDate "2013.06.25"]
[SourceQuality "1"]

1. e4 e5 2. Nf3 Nc6 3. d4 exd4 4. Nxd4 Nf6 5. Nc3 Bb4 6. Nxc6 bxc6 7. Bd3 d5 8. exd5 cxd5 9. 0-0 0-0 10. Bg5 c6 11. Qf3 Be7 12. Rfe1 Be6 13. h3 Rb8 14. Rab1 h6 15. Bf4 Bd6 16. Ne2 c5 17. c3 Qc7 18. Bxh6 gxh6 19. Qxf6 Rb6 20. Qxh6 Bf5 21. Qg5+ Bg6 22. Bxg6 Bh2+ 23. Kh1 Rxg6 24. Qxd5 Rd8 25. Qf3 Be5 26. Rbd1 Rb8 27. Nc1 c4 28. Rd5 Bf4 29. Ne2 Bh6 30. Ng3 Rxb2 31. Re8+ Kh7 32. Rdd8 Bg7 33. Qh5+ Rh6 34. Qf5+ Rg6 35. Rd7 Qc6 36. Ne4 Rxf2 37. Ng5+ Kh6 38. Nxf7+ Kh7 39. Qh5+ Rh6 40. Ng5# 1-0

[Event "CUB-ch U18 Girls"]
[Site "San Nicolas de Bari"]
[Date "2012.04.16"]
[Round "4"]
[White "Rodriguez Caballero, Mayrelis"]
[Black "Cordero Suarez, Greisy"]
[Result "0-1"]
[WhiteElo "2001"]
[BlackElo "2093"]
[PlyCount "56"]
[EventDate "2012.04.15"]
[EventType "swiss"]
[EventRounds "9"]
[EventCountry "CUB"]
[SourceTitle "CBM 148 Extra"]
[Source "ChessBase"]
[SourceDate "2012.06.22"]
[SourceVersion "1"]
[SourceVersionDate "2012.06.22"]
[SourceQuality "1"]

1. e4 e6 2. d4 d5 3. Nc3 Bb4 4. exd5 exd5 5. Bd3 c6 6. Nge2 Ne7 7. Bf4 Bd6 8. Qd2 0-0 9. 0-0 Ng6 10. Bxd6 Qxd6 11. Ng3 Be6 12. Nce2 Nd7 13. c3 f5 14. f4 Ne7 15. b4 Nf6 16. Rae1 Ne4 17. Bxe4 dxe4 18. Nc1 Bc4 19. Nge2 a5 20. Nb3 axb4 21. cxb4 Bxb3 22. axb3 Nd5 23. b5 cxb5 24. Rc1 Rfc8 25. Nc3 Qb4 26. Nxd5 Qxd2 27. Ne7+ Kf8 28. Nxc8 Ra2 0-1

[Event "Capablanca Memorial op-B 45th"]
[Site "Havana"]
[Date "2011.05.15"]
[Round "5"]
[White "Gates, David"]
[Black "Rodriguez Caballero, Mayrelis"]
[Result "0-1"]
[WhiteElo "1706"]
[BlackElo "2034"]
[PlyCount "42"]
[EventDate "2011.05.11"]
[EventType "swiss"]
[EventRounds "7"]
[EventCountry "CUB"]
[SourceTitle "CBM 142 Extra"]
[Source "ChessBase"]
[SourceDate "2011.06.27"]
[SourceVersion "1"]
[SourceVersionDate "2011.06.27"]
[SourceQuality "1"]

1. e4 e5 2. Nf3 Nf6 3. Nc3 Nc6 4. Bb5 Bc5 5. 0-0 0-0 6. d3 d6 7. h3 a6 8. Ba4 b5 9. Bb3 h6 10. Re1 Be6 11. Be3 Nd4 12. Bxd4 Bxd4 13. Nxd4 exd4 14. Bxe6 fxe6 15. Ne2 Nh5 16. Nxd4 Qf6 17. Nxe6 Qxf2+ 18. Kh2 Qg3+ 19. Kh1 Rf2 20. Rg1 Qe3 21. d4 Ng3+ 0-1

[Event "Capablanca Memorial op-B 45th"]
[Site "Havana"]
[Date "2011.05.13"]
[Round "3"]
[White "Roca Rojas, Ana Flavia"]
[Black "Rodriguez Caballero, Mayrelis"]
[Result "1-0"]
[WhiteElo "1948"]
[BlackElo "2034"]
[PlyCount "41"]
[EventDate "2011.05.11"]
[EventType "swiss"]
[EventRounds "7"]
[EventCountry "CUB"]
[SourceTitle "CBM 142 Extra"]
[Source "ChessBase"]
[SourceDate "2011.06.27"]
[SourceVersion "1"]
[SourceVersionDate "2011.06.27"]
[SourceQuality "1"]

1. e4 e5 2. Nf3 Nc6 3. Bc4 Nf6 4. d3 Bc5 5. c3 d6 6. Nbd2 Bg4 7. h3 Bh5 8. Nf1 Qd7 9. Ng3 Bg6 10. 0-0 0-0 11. Nh4 Kh8 12. Qf3 Na5 13. Nhf5 Nxc4 14. dxc4 c6 15. Bg5 Qe6 16. h4 Bxf5 17. Nxf5 Qxc4 18. Nxg7 Nxe4 19. Bf6 Nxf6 20. Qxf6 Kg8 21. Nf5 1-0

[Event "Capablanca Memorial op-B 45th"]
[Site "Havana"]
[Date "2011.05.11"]
[Round "1"]
[White "Mercantete Rodriguez, Edilberto"]
[Black "Rodriguez Caballero, Mayrelis"]
[Result "1-0"]
[WhiteElo "2101"]
[BlackElo "2034"]
[PlyCount "35"]
[EventDate "2011.05.11"]
[EventType "swiss"]
[EventRounds "7"]
[EventCountry "CUB"]
[SourceTitle "CBM 142 Extra"]
[Source "ChessBase"]
[SourceDate "2011.06.27"]
[SourceVersion "1"]
[SourceVersionDate "2011.06.27"]
[SourceQuality "1"]

1. d4 Nf6 2. Bg5 d5 3. e3 Bf5 4. Nf3 h6 5. Bf4 e6 6. Be2 Nc6 7. 0-0 Be7 8. c4 Ne4 9. h3 Qd7 10. a3 g5 11. Ne5 Nxe5 12. Bxe5 Bf6 13. f3 Bxe5 14. fxe4 Bxe4 15. dxe5 0-0-0 16. Nc3 Bf5 17. cxd5 exd5 18. Rxf5 1-0

[Event "Havana Province-ch sf 1st Cat (Women)"]
[Site "Havana"]
[Date "2010.09.24"]
[Round "1"]
[White "Rodriguez Caballero, Mayrelis"]
[Black "Mendez Gonzalez, Susana"]
[Result "1-0"]
[WhiteElo "1992"]
[BlackElo "1908"]
[PlyCount "57"]
[EventDate "2010.09.24"]
[EventType "tourn"]
[EventRounds "7"]
[EventCountry "CUB"]
[EventCategory "1"]
[SourceTitle "EXT 2019"]
[Source "ChessBase"]
[SourceDate "2018.10.10"]
[SourceVersion "1"]
[SourceVersionDate "2018.10.10"]
[SourceQuality "1"]

1. e4 c5 2. Nf3 e6 3. c3 Nc6 4. d4 cxd4 5. cxd4 Nge7 6. d5 exd5 7. exd5 Qa5+ 8. Nc3 Nb4 9. Bc4 d6 10. 0-0 Ng6 11. Re1+ Be7 12. Bb5+ Bd7 13. Bxd7+ Kxd7 14. a3 Na6 15. Be3 Nc7 16. b4 Qa6 17. Qb3 b6 18. b5 Qb7 19. Nd4 Bf6 20. Nc6 Bxc3 21. Qxc3 f6 22. Qb3 Rhe8 23. Bd4 Ne7 24. Qh3+ f5 25. Rxe7+ Rxe7 26. Qxf5+ Ke8 27. Nxe7 Kxe7 28. Re1+ Kd8 29. Qf8+ 1-0

[Event "Havana Province-ch U14 Girls"]
[Site "Havana"]
[Date "2010.04.03"]
[Round "10"]
[White "Mendez Gonzalez, Susana"]
[Black "Rodriguez Caballero, Mayrelis"]
[Result "0-1"]
[WhiteElo "1923"]
[BlackElo "1914"]
[PlyCount "105"]
[EventDate "2010.03.21"]
[EventType "tourn"]
[EventRounds "13"]
[EventCountry "CUB"]
[EventCategory "1"]
[SourceTitle "EXT 2012"]
[Source "ChessBase"]
[SourceDate "2011.11.24"]
[SourceVersion "1"]
[SourceVersionDate "2011.11.24"]
[SourceQuality "1"]

1. e4 e5 2. Nf3 Nc6 3. d4 exd4 4. Nxd4 Qf6 5. Nxc6 Qxc6 6. Bd3 Bc5 7. 0-0 Ne7 8. Nc3 0-0 9. Qh5 h6 10. Bf4 f5 11. exf5 d5 12. f6 Rxf6 13. Be5 Rf8 14. Rad1 Bf5 15. Qe2 Bxd3 16. Rxd3 Rae8 17. Qg4 Ng6 18. Bg3 Ne5 19. Bxe5 Rxe5 20. Rf3 Rfe8 21. Rg3 Bxf2+ 22. Kh1 Bxg3 23. Qxg3 d4 24. Nd1 Rg5 25. Qb3+ Kh8 26. Qh3 Qxc2 27. g3 Re2 28. a3 Qe4+ 29. Kg1 Re1 30. Rxe1 Qxe1+ 31. Qf1 Qxf1+ 32. Kxf1 Re5 33. Nf2 Re3 34. Nd1 Rb3 35. Ke2 c5 36. Kd2 a5 37. Ke2 Kh7 38. Kd2 Kg6 39. Ke2 h5 40. Kd2 Kf5 41. Ke2 g5 42. Kf2 b5 43. Ke2 c4 44. Kf2 b4 45. a4 c3 46. bxc3 bxc3 47. Ke2 c2 48. Kd2 c1Q+ 49. Kxc1 Rb7 50. h3 d3 51. g4+ hxg4 52. hxg4+ Kxg4 53. Kd2 0-1

[Event "Maria Teresa Mora Memorial IM3"]
[Site "Havana"]
[Date "2010.03.07"]
[Round "3"]
[White "Vitier Vazquez, Cristian"]
[Black "Rodriguez Caballero, Mayrelis"]
[Result "1-0"]
[WhiteElo "2082"]
[BlackElo "1914"]
[PlyCount "75"]
[EventDate "2010.03.05"]
[EventType "tourn"]
[EventRounds "11"]
[EventCountry "CUB"]
[SourceTitle "EXT 2019"]
[Source "ChessBase"]
[SourceDate "2018.10.10"]
[SourceVersion "1"]
[SourceVersionDate "2018.10.10"]
[SourceQuality "1"]

1. d4 Nf6 2. Nf3 d5 3. c4 c6 4. Qb3 e6 5. g3 Bd6 6. Bg2 0-0 7. 0-0 Nbd7 8. Nc3 dxc4 9. Qxc4 Nb6 10. Qd3 Qc7 11. e4 e5 12. dxe5 Bxe5 13. Nxe5 Qxe5 14. Bf4 Qh5 15. f3 Be6 16. Rfd1 Qc5+ 17. Be3 Qb4 18. Qc2 Nc4 19. Bf2 c5 20. b3 Nb6 21. Ne2 Rfc8 22. Bxc5 Qa5 23. Nd4 Bd7 24. Bf1 h6 25. Rd2 Rab8 26. Rad1 Na8 27. Ne2 Qd8 28. Bh3 Rc7 29. Nf4 Nb6 30. Kh1 Qe8 31. Bg2 Be6 32. Nxe6 Qxe6 33. Rd6 Qe8 34. Bh3 Nbd7 35. Bd4 Rc6 36. Bxf6 gxf6 37. Rxc6 Nc5 38. Rxc5 1-0

[Event "Havana-ch phase1 (Women)"]
[Site "Havana"]
[Date "2009.10.15"]
[Round "10"]
[White "Rodriguez Caballero, Mayrelis"]
[Black "Pages Roman, Seidy"]
[Result "0-1"]
[WhiteElo "1938"]
[BlackElo "1953"]
[PlyCount "126"]
[EventDate "2009.10.03"]
[EventType "tourn"]
[EventRounds "11"]
[EventCountry "CUB"]
[EventCategory "1"]
[SourceTitle "EXT 2012"]
[Source "ChessBase"]
[SourceDate "2011.11.24"]
[SourceVersion "1"]
[SourceVersionDate "2011.11.24"]
[SourceQuality "1"]

1. e4 e5 2. d4 exd4 3. c3 d5 4. exd5 Qxd5 5. cxd4 Nc6 6. Nf3 Nf6 7. Bd3 Bb4+ 8. Nc3 0-0 9. 0-0 Bxc3 10. bxc3 Bg4 11. Kh1 Rfe8 12. Bf4 Qd7 13. h3 Bf5 14. Bb5 Be4 15. Re1 Nd5 16. Bd2 a6 17. Ba4 Qf5 18. Ng5 Nxc3 19. Bxc3 Qxg5 20. f3 Bd5 21. Bb3 Rxe1+ 22. Bxe1 Re8 23. Rb1 h6 24. Kh2 Bxb3 25. Rxb3 Qf4+ 26. Bg3 Qxd4 27. Qxd4 Nxd4 28. Rxb7 Re2 29. Kg1 c6 30. a4 Ra2 31. Rb4 c5 32. Rb8+ Kh7 33. Rc8 Nf5 34. Bb8 Rxa4 35. Rxc5 Ne3 36. Re5 Ra1+ 37. Kh2 Nf1+ 38. Kg1 Nd2+ 39. Kf2 Nc4 40. Re7 f6 41. Rc7 Ra2+ 42. Kg3 Ne5 43. Rb7 Nd3 44. Ba7 a5 45. Bd4 Kg6 46. h4 h5 47. Rb3 Ne1 48. Bf2 a4 49. Rb6 Nd3 50. Bd4 a3 51. Ra6 Ne1 52. Bf2 Nc2 53. Bc5 Ra1 54. Ra7 a2 55. Kf4 Ne1 56. Bf8 Nd3+ 57. Kg3 Nb4 58. Kf4 Nd3+ 59. Kg3 f5 60. Rxg7+ Kf6 61. f4 Re1 62. Ra7 Re3+ 63. Kh2 Re2 0-1

[Event "Havana-ch phase1 (Women)"]
[Site "Havana"]
[Date "2009.10.12"]
[Round "7"]
[White "Romero Nunez, Wendy"]
[Black "Rodriguez Caballero, Mayrelis"]
[Result "1-0"]
[WhiteElo "2058"]
[BlackElo "1938"]
[PlyCount "127"]
[EventDate "2009.10.03"]
[EventType "tourn"]
[EventRounds "11"]
[EventCountry "CUB"]
[EventCategory "1"]
[SourceTitle "EXT 2012"]
[Source "ChessBase"]
[SourceDate "2011.11.24"]
[SourceVersion "1"]
[SourceVersionDate "2011.11.24"]
[SourceQuality "1"]

1. d4 d5 2. c4 Nf6 3. Nf3 Bf5 4. Nc3 e6 5. cxd5 exd5 6. Qb3 Nc6 7. a3 Qd7 8. Bg5 Be7 9. e3 Rd8 10. Bb5 a6 11. Ne5 Qd6 12. Nxc6 bxc6 13. Bxa6 0-0 14. Bf4 Qd7 15. Qd1 Rb8 16. b4 Bd6 17. Bg3 Bg6 18. Bd3 Rbe8 19. Bxg6 fxg6 20. 0-0 Bxg3 21. hxg3 Ng4 22. Qd3 Qf7 23. Nd1 Nf6 24. f3 g5 25. Nf2 h5 26. Rac1 Qe6 27. Rfe1 g4 28. Qe2 gxf3 29. gxf3 Qd6 30. Nh1 Re6 31. Qg2 Nh7 32. f4 Rg6 33. Qf3 Nf6 34. Nf2 h4 35. g4 Nxg4 36. Nxg4 Qe6 37. Kf2 Rxg4 38. Rg1 Rg6 39. Rxg6 Qxg6 40. Qg2 Qf6 41. Rg1 Ra8 42. Qg6 Qxg6 43. Rxg6 Rxa3 44. Rxc6 Ra2+ 45. Kf3 h3 46. Rxc7 h2 47. Rc1 Kf7 48. b5 Ke7 49. b6 Kd7 50. b7 Rb2 51. Rh1 Kc7 52. Kg3 Rb3 53. Kxh2 Rxe3 54. Rb1 Kb8 55. Rb5 Re4 56. Kg3 Rxd4 57. f5 Rd1 58. Kf4 Rf1+ 59. Ke5 Rd1 60. Rxd5 Rxd5+ 61. Kxd5 Kxb7 62. Ke6 Kc6 63. Kf7 Kd6 64. Kxg7 1-0

[Event "Havana Province-ch sf (Women)"]
[Site "Havana"]
[Date "2009.09.24"]
[Round "6"]
[White "Cordero Suarez, Greisy"]
[Black "Rodriguez Caballero, Mayrelis"]
[Result "1-0"]
[WhiteElo "1986"]
[BlackElo "1938"]
[PlyCount "105"]
[EventDate "2009.09.19"]
[EventType "swiss"]
[EventRounds "9"]
[EventCountry "CUB"]
[EventCategory "1"]
[SourceTitle "EXT 2012"]
[Source "ChessBase"]
[SourceDate "2011.11.24"]
[SourceVersion "1"]
[SourceVersionDate "2011.11.24"]
[SourceQuality "1"]

1. e4 e5 2. Nf3 Nf6 3. Nxe5 d6 4. Nf3 Nxe4 5. Nc3 Nf6 6. d4 d5 7. Bd3 c6 8. Bf4 Bd6 9. Be5 0-0 10. 0-0 Bg4 11. Re1 Bc7 12. Ne2 Bxf3 13. gxf3 Bxe5 14. dxe5 Nh5 15. Qd2 Qh4 16. Ng3 Nf4 17. Bf1 Nd7 18. Ne2 Ng6 19. f4 Qg4+ 20. Bg2 Nh4 21. Ng3 Nc5 22. h3 Qg6 23. Re3 Ne4 24. Qe2 Nxg2 25. Kxg2 Rfe8 26. Qg4 Qxg4 27. hxg4 Nc5 28. Rd1 Rad8 29. c3 Na4 30. b3 Nb6 31. f5 c5 32. f4 d4 33. cxd4 cxd4 34. Red3 Nd5 35. Kf3 Nc3 36. R1d2 Nb1 37. Rb2 Na3 38. Ne2 Re7 39. Rxd4 Rxd4 40. Nxd4 Rd7 41. Ke4 g6 42. e6 gxf5+ 43. gxf5 fxe6 44. fxe6 Rc7 45. f5 Kg7 46. Ke5 Rc5+ 47. Kd6 Rc8 48. e7 Kf7 49. Kd7 Re8 50. f6 a6 51. Rg2 Rh8 52. Re2 Re8 53. Nf3 1-0

[Event "Havana Province-ch sf (Women)"]
[Site "Havana"]
[Date "2009.09.22"]
[Round "4"]
[White "Roca Rojas, Ana Flavia"]
[Black "Rodriguez Caballero, Mayrelis"]
[Result "1-0"]
[WhiteElo "1934"]
[BlackElo "1938"]
[PlyCount "45"]
[EventDate "2009.09.19"]
[EventType "swiss"]
[EventRounds "9"]
[EventCountry "CUB"]
[EventCategory "1"]
[SourceTitle "EXT 2012"]
[Source "ChessBase"]
[SourceDate "2011.11.24"]
[SourceVersion "1"]
[SourceVersionDate "2011.11.24"]
[SourceQuality "1"]

1. e4 e5 2. Nf3 Nf6 3. Nxe5 d6 4. Nc4 Nxe4 5. Nc3 Nf6 6. d4 d5 7. Ne5 Nbd7 8. Bg5 h6 9. Bh4 g5 10. Bg3 Bg7 11. Be2 Qe7 12. Nxd7 Bxd7 13. Bxc7 Rc8 14. Be5 Qb4 15. Rb1 0-0 16. 0-0 Bf5 17. Bd3 Bxd3 18. Qxd3 Rfd8 19. Qf5 Ne4 20. Nxe4 dxe4 21. Bxg7 Kxg7 22. c3 Re8 23. cxb4 1-0